LexisNexis the companies act, 2013 (Act 18 of 2013) with rules and forms / (Record no. 137803)
[ view plain ]
| 000 -LEADER | |
|---|---|
| fixed length control field | 00735nam a22001937a 4500 |
| 005 - DATE AND TIME OF LATEST TRANSACTION | |
| control field | 20170223144539.0 |
| 010 ## - LCCN (DPL NO) | |
| LC control number | ENG-117313 |
| 020 ## - INTERNATIONAL STANDARD BOOK NUMBER | |
| International Standard Book Number | 9789350359662 |
| Terms of availability | 1395.00 |
| 035 ## - SYSTEM CONTROL NUMBER | |
| System control number | EN-100845 |
| 037 ## - SOURCE OF ACQUISITION | |
| Source of stock number/acquisition | DBAD/PUB |
| 082 ## - DEWEY DECIMAL CLASSIFICATION NUMBER | |
| Classification number | 346.54066 |
| 245 ## - TITLE STATEMENT | |
| Title | LexisNexis the companies act, 2013 (Act 18 of 2013) with rules and forms / |
| 250 ## - EDITION STATEMENT | |
| Edition statement | 5th ed |
| 260 ## - PUBLICATION, DISTRIBUTION, ETC. (IMPRINT) | |
| Place of publication, distribution, etc | Gurgaon |
| Name of publisher, distributor, etc | Lexis Nexis |
| Date of publication, distribution, etc | 2017 |
| 270 ## - ADDRESS | |
| Address | 14th Floor, Building No.10, Tower-B, DLF Cyber City, Phase-II |
| City | Gurgaon |
| Postal code | 122002 |
| 300 ## - PHYSICAL DESCRIPTION | |
| Extent | cccxIiii,2035p. |
| Dimensions | 24cm(pbk) |
| 505 ## - FORMATTED CONTENTS NOTE | |
| Formatted contents note | Including the latest amended NCLT and NCLAT rules,2016 and incorporating amendments made by the insolvency and bankruptcy code, 2016 |
| 942 ## - ADDED ENTRY ELEMENTS (KOHA) | |
| Source of classification or shelving scheme | Dewey Decimal Classification |
| Item type | English Books |
| Call number suffix | THE |
| Classification part | 346.54066 |
| Withdrawn status | Lost status | Not for loan | Collection code | Home library | Current library | Date acquired | Source of acquisition | Cost, normal purchase price | Full call number | Barcode | Copy number | Cost, replacement price | Koha item type |
|---|---|---|---|---|---|---|---|---|---|---|---|---|---|
| Not For Loan | Reference | Central Library | Central Library | 23/02/2017 | DBAD/PUB | 1395.00 | 346.54066 THE | EN-100845 | 1 | 1395.00 | English Books |
